000
00202 a2200097 4500
001
18009
100
_a
Todd, V E
245
_a
Years before school
260
_a
_b
Macmillan Co
_c
090
_c
13313
_d
13313
942
_a
NUST-CAE
_c
M
_c
3685
999
_c
253082
_d
253082